[Event "Otvoreno prvenstvo Paraæina za 2012. god"]
[Site "DCK - Paraæin"]
[Date "2012.01.28"]
[Round "7.2"]
[White "Brankovic, Dejan"]
[Black "Zlatanovic, Boroljub"]
[Result "1/2-1/2"]
[WhiteElo "2350"]
[BlackElo "2434"]
[PlyCount "102"]
[EventDate "2012.01.20"]

1. d4 {[%emt 0:00:00]} c5 2. dxc5 Na6 3. Nc3 Nxc5 4. e4 b6 5. Nf3 Bb7 6. Bc4 e6
7. e5 a6 8. a4 d5 9. exd6 Bxd6 10. Bg5 Qc7 11. Qe2 h6 12. Nd5 Bxd5 13. Bxd5 Rc8
14. Be3 Ne7 15. Bc4 O-O 16. O-O Nf5 17. Bd2 a5 18. Bb5 Bf4 19. Bc3 Nd6 20. g3
Nxb5 21. axb5 Bd6 22. Rfe1 Nd7 23. Ra4 Bb4 24. Bxb4 axb4 25. Nd4 Qc4 26. Nc6
Qxe2 27. Rxe2 Ra8 28. Rxb4 Ra2 29. Rd4 Nc5 30. b4 Na4 31. Rc4 Kh7 32. Kg2 Rc8
33. Rd2 Ra3 34. Rd7 Nc3 35. Ne5 Rxc4 36. Nxc4 Ra2 37. Nxb6 Rb2 38. Nc4 Rxb4 39.
Nd6 Kg6 40. Rc7 Nd5 41. Rxf7 Rxb5 42. Rxg7+ Kxg7 43. Nxb5 Kf6 44. f4 Ne3+ 45.
Kf3 Nxc2 46. Ke4 h5 47. Nd4 Nb4 48. h3 Na6 49. Nb3 Nc7 50. g4 hxg4 51. hxg4 Nd5
1/2-1/2

[Event "Otvoreno prvenstvo Paraæina za 2012. god"]
[Site "DCK - Paraæin"]
[Date "2012.01.28"]
[Round "7.4"]
[White "Milosevic, Aleksandar"]
[Black "Popovic, Djordje D"]
[Result "1-0"]
[WhiteElo "2276"]
[BlackElo "2260"]
[PlyCount "97"]
[EventDate "2012.01.20"]

1. g3 {[%emt 0:00:00]} c5 {[%emt 0:00:00]} 2. Bg2 {[%emt 0:00:00]} Nf6 {[%emt
0:00:00]} 3. c4 {[%emt 0:00:00]} g6 {[%emt 0:00:00]} 4. b3 {[%emt 0:00:00]} Bg7
{[%emt 0:00:00]} 5. Bb2 {[%emt 0:00:00]} Nc6 {[%emt 0:00:00]} 6. Nf3 {[%emt 0:
00:00]} d6 {[%emt 0:00:00]} 7. O-O {[%emt 0:00:00]} O-O {[%emt 0:00:00]} 8. Nc3
{[%emt 0:00:00]} Bd7 {[%emt 0:00:00]} 9. d4 {[%emt 0:00:00]} cxd4 {[%emt 0:00:
00]} 10. Nxd4 {[%emt 0:00:00]} Nxd4 {[%emt 0:00:00]} 11. Qxd4 {[%emt 0:00:00]}
Bc6 {[%emt 0:00:00]} 12. Nd5 {[%emt 0:00:00]} Ne8 {[%emt 0:00:00]} 13. Qd2 {
[%emt 0:00:00]} Bxb2 {[%emt 0:00:00]} 14. Qxb2 {[%emt 0:00:00]} Nc7 {[%emt 0:
00:00]} 15. Rfd1 {[%emt 0:00:00]} Nxd5 {[%emt 0:00:00]} 16. Bxd5 {[%emt 0:00:
00]} Bxd5 {[%emt 0:00:00]} 17. Rxd5 {[%emt 0:00:00]} Qc8 {[%emt 0:00:00]} 18.
Rad1 {[%emt 0:00:00]} b6 {[%emt 0:00:00]} 19. e4 {[%emt 0:00:00]} f6 {[%emt 0:
00:00]} 20. f4 {[%emt 0:00:00]} Qe6 {[%emt 0:00:00]} 21. Qd4 {[%emt 0:00:00]}
Qh3 {[%emt 0:00:00]} 22. a4 {[%emt 0:00:00]} Rac8 {[%emt 0:00:00]} 23. Rc1 {
[%emt 0:00:00]} Rc5 {[%emt 0:00:00]} 24. b4 {[%emt 0:00:00]} Rc6 {[%emt 0:00:
00]} 25. a5 {[%emt 0:00:00]} e5 {[%emt 0:00:00]} 26. Qd2 {[%emt 0:00:00]} Qc8 {
[%emt 0:00:00]} 27. Rxd6 {[%emt 0:00:00]} Rxd6 {[%emt 0:00:00]} 28. Qxd6 {
[%emt 0:00:00]} exf4 {[%emt 0:00:00]} 29. axb6 {[%emt 0:00:00]} axb6 {[%emt 0:
00:00]} 30. Qxf4 {[%emt 0:00:00]} Qd7 {[%emt 0:00:00]} 31. Qf2 {[%emt 0:00:00]}
Qe6 {[%emt 0:00:00]} 32. Qd4 {[%emt 0:00:00]} Kg7 {[%emt 0:00:00]} 33. Rd1 {
[%emt 0:00:00]} Rf7 {[%emt 0:00:00]} 34. Qd5 {[%emt 0:00:00]} Qg4 {[%emt 0:00:
00]} 35. c5 {[%emt 0:00:00]} bxc5 {[%emt 0:00:00]} 36. bxc5 {[%emt 0:00:00]} h5
{[%emt 0:00:00]} 37. e5 {[%emt 0:00:00]} fxe5 {[%emt 0:00:00]} 38. Qxe5+ {
[%emt 0:00:00]} Kg8 {[%emt 0:00:00]} 39. Rd8+ {[%emt 0:00:00]} Rf8 {[%emt 0:00:
00]} 40. Rxf8+ {[%emt 0:00:00]} Kxf8 {[%emt 0:00:00]} 41. Qf4+ {[%emt 0:00:00]}
Qxf4 {[%emt 0:00:00]} 42. gxf4 {[%emt 0:00:00]} Ke7 {[%emt 0:00:00]} 43. Kf2 {
[%emt 0:00:00]} Ke6 {[%emt 0:00:00]} 44. Kg3 {[%emt 0:00:00]} Kd5 {[%emt 0:00:
00]} 45. Kh4 {[%emt 0:00:00]} Kxc5 {[%emt 0:00:00]} 46. Kg5 {[%emt 0:00:00]}
Kd5 {[%emt 0:00:00]} 47. Kxg6 {[%emt 0:00:00]} Ke4 {[%emt 0:00:00]} 48. f5 {
[%emt 0:00:00]} h4 {[%emt 0:00:00]} 49. f6 {[%emt 0:00:00]} 1-0

[Event "Otvoreno prvenstvo Paraæina za 2012. god"]
[Site "DCK - Paraæin"]
[Date "2012.01.28"]
[Round "7.5"]
[White "Madic, Zivko"]
[Black "Garic, Radomir"]
[Result "0-1"]
[WhiteElo "2131"]
[BlackElo "2274"]
[PlyCount "72"]
[EventDate "2012.01.20"]

1. d4 {[%emt 0:00:00]} Nf6 {[%emt 0:00:00]} 2. Nf3 {[%emt 0:00:00]} c5 {[%emt
0:00:00]} 3. d5 {[%emt 0:00:00]} b5 {[%emt 0:00:00]} 4. Bg5 {[%emt 0:00:00]} d6
{[%emt 0:00:00]} 5. e3 {[%emt 0:00:00]} a6 {[%emt 0:00:00]} 6. Be2 {[%emt 0:00:
00]} g6 {[%emt 0:00:00]} 7. Bxf6 {[%emt 0:00:00]} exf6 {[%emt 0:00:00]} 8. a4 {
[%emt 0:00:00]} bxa4 {[%emt 0:00:00]} 9. Nc3 {[%emt 0:00:00]} Bg7 {[%emt 0:00:
00]} 10. O-O {[%emt 0:00:00]} O-O {[%emt 0:00:00]} 11. Nd2 {[%emt 0:00:00]} Nd7
{[%emt 0:00:00]} 12. Nc4 {[%emt 0:00:00]} Nb6 {[%emt 0:00:00]} 13. Na5 {[%emt
0:00:00]} Bd7 {[%emt 0:00:00]} 14. Qd2 {[%emt 0:00:00]} Qc7 {[%emt 0:00:00]}
15. Rfd1 {[%emt 0:00:00]} f5 {[%emt 0:00:00]} 16. Ra2 {[%emt 0:00:00]} Rfe8 {
[%emt 0:00:00]} 17. h3 {[%emt 0:00:00]} h5 {[%emt 0:00:00]} 18. h4 {[%emt 0:00:
00]} Kh7 {[%emt 0:00:00]} 19. Bd3 {[%emt 0:00:00]} Bxc3 {[%emt 0:00:00]} 20.
bxc3 {[%emt 0:00:00]} Nxd5 {[%emt 0:00:00]} 21. Bc4 {[%emt 0:00:00]} Qxa5 {
[%emt 0:00:00]} 22. Bxd5 {[%emt 0:00:00]} Be6 {[%emt 0:00:00]} 23. Rda1 {[%emt
0:00:00]} Rab8 {[%emt 0:00:00]} 24. Kh2 {[%emt 0:00:00]} f4 {[%emt 0:00:00]}
25. exf4 {[%emt 0:00:00]} Qd8 {[%emt 0:00:00]} 26. g3 {[%emt 0:00:00]} Qf6 {
[%emt 0:00:00]} 27. c4 {[%emt 0:00:00]} Bxd5 {[%emt 0:00:00]} 28. cxd5 {[%emt
0:00:00]} Re7 {[%emt 0:00:00]} 29. Rxa4 {[%emt 0:00:00]} Rbe8 {[%emt 0:00:00]}
30. Kg2 {[%emt 0:00:00]} Re2 {[%emt 0:00:00]} 31. Qd3 {[%emt 0:00:00]} R8e3 {
[%emt 0:00:00]} 32. Qxa6 {[%emt 0:00:00]} Qf5 {[%emt 0:00:00]} 33. Qb7 {[%emt
0:00:00]} Rxg3+ {[%emt 0:00:00]} 34. Kf1 {[%emt 0:00:00]} Rxc2 {[%emt 0:00:00]}
35. Qxf7+ {[%emt 0:00:00]} Qxf7 {[%emt 0:00:00]} 36. Ra7 {[%emt 0:00:00]} Rc1+
{[%emt 0:00:00]} 0-1

[Event "Otvoreno prvenstvo Paraæina za 2012. god"]
[Site "DCK - Paraæin"]
[Date "2012.01.28"]
[Round "7.6"]
[White "Colovic, Zoran"]
[Black "Radovanovic, Nikola"]
[Result "1/2-1/2"]
[WhiteElo "2168"]
[BlackElo "2092"]
[PlyCount "78"]
[EventDate "2012.01.20"]

1. e4 {[%emt 0:00:00]} c5 {[%emt 0:00:00]} 2. c3 {[%emt 0:00:00]} d5 {[%emt 0:
00:00]} 3. exd5 {[%emt 0:00:00]} Qxd5 {[%emt 0:00:00]} 4. d4 {[%emt 0:00:00]}
Nf6 {[%emt 0:00:00]} 5. Be3 {[%emt 0:00:00]} Ng4 {[%emt 0:00:00]} 6. Qd3 {
[%emt 0:00:00]} Nxe3 {[%emt 0:00:00]} 7. fxe3 {[%emt 0:00:00]} cxd4 {[%emt 0:
00:00]} 8. cxd4 {[%emt 0:00:00]} Bf5 {[%emt 0:00:00]} 9. Nc3 {[%emt 0:00:00]}
Bxd3 {[%emt 0:00:00]} 10. Nxd5 {[%emt 0:00:00]} Bxf1 {[%emt 0:00:00]} 11. Kxf1
{[%emt 0:00:00]} Na6 {[%emt 0:00:00]} 12. Rc1 {[%emt 0:00:00]} Kd7 {[%emt 0:00:
00]} 13. Nf3 {[%emt 0:00:00]} f6 {[%emt 0:00:00]} 14. Ke2 {[%emt 0:00:00]} e6 {
[%emt 0:00:00]} 15. Nc3 {[%emt 0:00:00]} Be7 {[%emt 0:00:00]} 16. a3 {[%emt 0:
00:00]} Rhc8 {[%emt 0:00:00]} 17. b4 {[%emt 0:00:00]} Nc7 {[%emt 0:00:00]} 18.
Rhd1 {[%emt 0:00:00]} Ne8 {[%emt 0:00:00]} 19. Ne4 {[%emt 0:00:00]} h6 {[%emt
0:00:00]} 20. g3 {[%emt 0:00:00]} Rxc1 {[%emt 0:00:00]} 21. Rxc1 {[%emt 0:00:
00]} a5 {[%emt 0:00:00]} 22. Rb1 {[%emt 0:00:00]} axb4 {[%emt 0:00:00]} 23.
axb4 {[%emt 0:00:00]} Nc7 {[%emt 0:00:00]} 24. Nc3 {[%emt 0:00:00]} Nd5 {[%emt
0:00:00]} 25. Nxd5 {[%emt 0:00:00]} exd5 {[%emt 0:00:00]} 26. b5 {[%emt 0:00:
00]} Ra4 {[%emt 0:00:00]} 27. Kd3 {[%emt 0:00:00]} Bb4 {[%emt 0:00:00]} 28. Rb3
{[%emt 0:00:00]} Ba5 {[%emt 0:00:00]} 29. e4 {[%emt 0:00:00]} Ke6 {[%emt 0:00:
00]} 30. h4 {[%emt 0:00:00]} Ra2 {[%emt 0:00:00]} 31. Ng1 {[%emt 0:00:00]} g5 {
[%emt 0:00:00]} 32. hxg5 {[%emt 0:00:00]} fxg5 {[%emt 0:00:00]} 33. e5 {[%emt
0:00:00]} Rf2 {[%emt 0:00:00]} 34. Ke3 {[%emt 0:00:00]} Rf1 {[%emt 0:00:00]}
35. Nf3 {[%emt 0:00:00]} g4 {[%emt 0:00:00]} 36. Nh4 {[%emt 0:00:00]} Re1+ {
[%emt 0:00:00]} 37. Kd3 {[%emt 0:00:00]} Rd1+ {[%emt 0:00:00]} 38. Ke3 {[%emt
0:00:00]} Re1+ {[%emt 0:00:00]} 39. Kf2 {[%emt 0:00:00]} Rd1 {[%emt 0:00:00]}
1/2-1/2

[Event "Otvoreno prvenstvo Paraæina za 2012. god"]
[Site "DCK - Paraæin"]
[Date "2012.01.28"]
[Round "7.8"]
[White "Tosic, Dragoljub"]
[Black "Milovanovic, Srboljub"]
[Result "1-0"]
[WhiteElo "1997"]
[BlackElo "2203"]
[PlyCount "33"]
[EventDate "2012.01.20"]

1. d4 {[%emt 0:00:00]} Nf6 {[%emt 0:00:00]} 2. Nf3 {[%emt 0:00:00]} e6 {[%emt
0:00:00]} 3. Nbd2 {[%emt 0:00:00]} c5 {[%emt 0:00:00]} 4. e3 {[%emt 0:00:00]}
Nc6 {[%emt 0:00:00]} 5. c3 {[%emt 0:00:00]} Qc7 {[%emt 0:00:00]} 6. Bd3 {[%emt
0:00:00]} d5 {[%emt 0:00:00]} 7. Bb5 {[%emt 0:00:00]} Be7 {[%emt 0:00:00]} 8.
Ne5 {[%emt 0:00:00]} O-O {[%emt 0:00:00]} 9. f4 {[%emt 0:00:00]} a6 {[%emt 0:
00:00]} 10. Bd3 {[%emt 0:00:00]} b5 {[%emt 0:00:00]} 11. O-O {[%emt 0:00:00]}
b4 {[%emt 0:00:00]} 12. Rf3 {[%emt 0:00:00]} Nd7 {[%emt 0:00:00]} 13. Bxh7+ {
[%emt 0:00:00]} Kh8 {[%emt 0:00:00]} 14. Rh3 {[%emt 0:00:00]} Ndxe5 {[%emt 0:
00:00]} 15. fxe5 {[%emt 0:00:00]} g6 {[%emt 0:00:00]} 16. Bxg6+ {[%emt 0:00:00]
} Kg7 {[%emt 0:00:00]} 17. Qh5 {[%emt 0:00:00]} 1-0

[Event "Otvoreno prvenstvo Paraæina za 2012. god"]
[Site "DCK - Paraæin"]
[Date "2012.01.28"]
[Round "7.11"]
[White "Vaskovic, Dragan"]
[Black "Zajic, Milan"]
[Result "0-1"]
[WhiteElo "1818"]
[BlackElo "2142"]
[PlyCount "78"]
[EventDate "2012.01.20"]

1. e4 {[%emt 0:00:00]} d5 {[%emt 0:00:00]} 2. exd5 {[%emt 0:00:00]} Qxd5 {
[%emt 0:00:00]} 3. d4 {[%emt 0:00:00]} Nf6 {[%emt 0:00:00]} 4. h3 {[%emt 0:00:
00]} c6 {[%emt 0:00:00]} 5. Nf3 {[%emt 0:00:00]} Bf5 {[%emt 0:00:00]} 6. Bd3 {
[%emt 0:00:00]} Bxd3 {[%emt 0:00:00]} 7. Qxd3 {[%emt 0:00:00]} e6 {[%emt 0:00:
00]} 8. Bf4 {[%emt 0:00:00]} Be7 {[%emt 0:00:00]} 9. O-O {[%emt 0:00:00]} O-O {
[%emt 0:00:00]} 10. Nc3 {[%emt 0:00:00]} Qa5 {[%emt 0:00:00]} 11. Ne4 {[%emt 0:
00:00]} Nxe4 {[%emt 0:00:00]} 12. Qxe4 {[%emt 0:00:00]} Nd7 {[%emt 0:00:00]}
13. c3 {[%emt 0:00:00]} Rfd8 {[%emt 0:00:00]} 14. Rfe1 {[%emt 0:00:00]} Qd5 {
[%emt 0:00:00]} 15. Qxd5 {[%emt 0:00:00]} cxd5 {[%emt 0:00:00]} 16. Ne5 {[%emt
0:00:00]} Nxe5 {[%emt 0:00:00]} 17. Bxe5 {[%emt 0:00:00]} Rac8 {[%emt 0:00:00]}
18. a4 {[%emt 0:00:00]} Rc6 {[%emt 0:00:00]} 19. Bg3 {[%emt 0:00:00]} Rdc8 {
[%emt 0:00:00]} 20. f4 {[%emt 0:00:00]} g6 {[%emt 0:00:00]} 21. Bf2 {[%emt 0:
00:00]} Bd6 {[%emt 0:00:00]} 22. Be3 {[%emt 0:00:00]} Rb6 {[%emt 0:00:00]} 23.
Re2 {[%emt 0:00:00]} Rc4 {[%emt 0:00:00]} 24. g4 {[%emt 0:00:00]} Ra6 {[%emt 0:
00:00]} 25. f5 {[%emt 0:00:00]} Rcxa4 {[%emt 0:00:00]} 26. Rae1 {[%emt 0:00:00]
} Ra1 {[%emt 0:00:00]} 27. Bc1 {[%emt 0:00:00]} Be7 {[%emt 0:00:00]} 28. fxe6 {
[%emt 0:00:00]} Rxe6 {[%emt 0:00:00]} 29. Rxe6 {[%emt 0:00:00]} fxe6 {[%emt 0:
00:00]} 30. Kf1 {[%emt 0:00:00]} Bh4 {[%emt 0:00:00]} 31. Rd1 {[%emt 0:00:00]}
Bg5 {[%emt 0:00:00]} 32. Bxg5 {[%emt 0:00:00]} Rxd1+ {[%emt 0:00:00]} 33. Ke2 {
[%emt 0:00:00]} Rh1 {[%emt 0:00:00]} 34. h4 {[%emt 0:00:00]} Rh2+ {[%emt 0:00:
00]} 35. Kf3 {[%emt 0:00:00]} Rxb2 {[%emt 0:00:00]} 36. Be7 {[%emt 0:00:00]}
Rb3 {[%emt 0:00:00]} 37. Bb4 {[%emt 0:00:00]} b6 {[%emt 0:00:00]} 38. Kf4 {
[%emt 0:00:00]} a5 {[%emt 0:00:00]} 39. Bd6 {[%emt 0:00:00]} a4 {[%emt 0:00:00]
} 0-1

[Event "Otvoreno prvenstvo Paraæina za 2012. god"]
[Site "DCK - Paraæin"]
[Date "2012.01.28"]
[Round "7.12"]
[White "Zivkovic, Zivojin"]
[Black "Antic, Nenad"]
[Result "1/2-1/2"]
[WhiteElo "1979"]
[BlackElo "2066"]
[PlyCount "66"]
[EventDate "2012.01.20"]

1. Nf3 {[%emt 0:00:00]} Nf6 {[%emt 0:00:00]} 2. g3 {[%emt 0:00:00]} d5 {[%emt
0:00:00]} 3. Bg2 {[%emt 0:00:00]} e6 {[%emt 0:00:00]} 4. d3 {[%emt 0:00:00]}
Be7 {[%emt 0:00:00]} 5. O-O {[%emt 0:00:00]} O-O {[%emt 0:00:00]} 6. Nbd2 {
[%emt 0:00:00]} Nbd7 {[%emt 0:00:00]} 7. c4 {[%emt 0:00:00]} c6 {[%emt 0:00:00]
} 8. Rb1 {[%emt 0:00:00]} b6 {[%emt 0:00:00]} 9. b4 {[%emt 0:00:00]} c5 {[%emt
0:00:00]} 10. a3 {[%emt 0:00:00]} Bb7 {[%emt 0:00:00]} 11. Re1 {[%emt 0:00:00]}
dxc4 {[%emt 0:00:00]} 12. Nxc4 {[%emt 0:00:00]} Nd5 {[%emt 0:00:00]} 13. Bd2 {
[%emt 0:00:00]} Rc8 {[%emt 0:00:00]} 14. b5 {[%emt 0:00:00]} N7f6 {[%emt 0:00:
00]} 15. Qa4 {[%emt 0:00:00]} Ra8 {[%emt 0:00:00]} 16. Nfe5 {[%emt 0:00:00]} a6
{[%emt 0:00:00]} 17. bxa6 {[%emt 0:00:00]} Rxa6 {[%emt 0:00:00]} 18. Qb3 {
[%emt 0:00:00]} Qa8 {[%emt 0:00:00]} 19. e4 {[%emt 0:00:00]} Nc7 {[%emt 0:00:
00]} 20. Nxb6 {[%emt 0:00:00]} Qa7 {[%emt 0:00:00]} 21. Nbd7 {[%emt 0:00:00]}
Nxd7 {[%emt 0:00:00]} 22. Nxd7 {[%emt 0:00:00]} Rd8 {[%emt 0:00:00]} 23. Ne5 {
[%emt 0:00:00]} Ba8 {[%emt 0:00:00]} 24. Nc4 {[%emt 0:00:00]} Bc6 {[%emt 0:00:
00]} 25. Bc1 {[%emt 0:00:00]} Nb5 {[%emt 0:00:00]} 26. Bb2 {[%emt 0:00:00]} Nd4
{[%emt 0:00:00]} 27. Bxd4 {[%emt 0:00:00]} cxd4 {[%emt 0:00:00]} 28. Ra1 {
[%emt 0:00:00]} Rb8 {[%emt 0:00:00]} 29. Qa2 {[%emt 0:00:00]} Bb5 {[%emt 0:00:
00]} 30. Rec1 {[%emt 0:00:00]} Bxc4 {[%emt 0:00:00]} 31. Qxc4 {[%emt 0:00:00]}
Rxa3 {[%emt 0:00:00]} 32. Rab1 {[%emt 0:00:00]} Rxb1 {[%emt 0:00:00]} 33. Rxb1
{[%emt 0:00:00]} Ra1 {[%emt 0:00:00]} 1/2-1/2

[Event "Otvoreno prvenstvo Paraæina za 2012. god"]
[Site "DCK - Paraæin"]
[Date "2012.01.28"]
[Round "7.13"]
[White "Radovic, Janko"]
[Black "Ivic, Matija"]
[Result "1-0"]
[WhiteElo "2033"]
[BlackElo "1665"]
[PlyCount "35"]
[EventDate "2012.01.20"]

1. e4 {[%emt 0:00:00]} c5 {[%emt 0:00:00]} 2. c3 {[%emt 0:00:00]} g6 {[%emt 0:
00:00]} 3. d4 {[%emt 0:00:00]} cxd4 {[%emt 0:00:00]} 4. cxd4 {[%emt 0:00:00]}
d5 {[%emt 0:00:00]} 5. exd5 {[%emt 0:00:00]} Nf6 {[%emt 0:00:00]} 6. Bb5+ {
[%emt 0:00:00]} Nbd7 {[%emt 0:00:00]} 7. Qb3 {[%emt 0:00:00]} Bg7 {[%emt 0:00:
00]} 8. Nf3 {[%emt 0:00:00]} O-O {[%emt 0:00:00]} 9. Bxd7 {[%emt 0:00:00]} Qxd7
{[%emt 0:00:00]} 10. Nc3 {[%emt 0:00:00]} b6 {[%emt 0:00:00]} 11. Ne5 {[%emt 0:
00:00]} Qb7 {[%emt 0:00:00]} 12. O-O {[%emt 0:00:00]} Bf5 {[%emt 0:00:00]} 13.
Re1 {[%emt 0:00:00]} Rac8 {[%emt 0:00:00]} 14. h3 {[%emt 0:00:00]} Bd7 {[%emt
0:00:00]} 15. a4 {[%emt 0:00:00]} e6 {[%emt 0:00:00]} 16. Nxd7 {[%emt 0:00:00]}
Qxd7 {[%emt 0:00:00]} 17. dxe6 {[%emt 0:00:00]} Qxd4 {[%emt 0:00:00]} 18. Nb5 {
[%emt 0:00:00]} 1-0

[Event "Otvoreno prvenstvo Paraæina za 2012. god"]
[Site "DCK - Paraæin"]
[Date "2012.01.28"]
[Round "7.16"]
[White "Lazic, Milan B"]
[Black "Jovicic, Damir"]
[Result "1-0"]
[WhiteElo "2098"]
[BlackElo "1688"]
[PlyCount "55"]
[EventDate "2012.01.20"]

1. e4 {[%emt 0:00:00]} e6 {[%emt 0:00:00]} 2. d4 {[%emt 0:00:00]} d5 {[%emt 0:
00:00]} 3. Nd2 {[%emt 0:00:00]} c5 {[%emt 0:00:00]} 4. dxc5 {[%emt 0:00:00]}
Bxc5 {[%emt 0:00:00]} 5. Nb3 {[%emt 0:00:00]} Bd6 {[%emt 0:00:00]} 6. exd5 {
[%emt 0:00:00]} exd5 {[%emt 0:00:00]} 7. Nf3 {[%emt 0:00:00]} Nf6 {[%emt 0:00:
00]} 8. Bg5 {[%emt 0:00:00]} O-O {[%emt 0:00:00]} 9. Be2 {[%emt 0:00:00]} Be6 {
[%emt 0:00:00]} 10. O-O {[%emt 0:00:00]} Nbd7 {[%emt 0:00:00]} 11. Nfd4 {[%emt
0:00:00]} Rc8 {[%emt 0:00:00]} 12. Re1 {[%emt 0:00:00]} Re8 {[%emt 0:00:00]}
13. c3 {[%emt 0:00:00]} Bb8 {[%emt 0:00:00]} 14. Nxe6 {[%emt 0:00:00]} fxe6 {
[%emt 0:00:00]} 15. Bg4 {[%emt 0:00:00]} Ne5 {[%emt 0:00:00]} 16. Bh3 {[%emt 0:
00:00]} h6 {[%emt 0:00:00]} 17. Bf4 {[%emt 0:00:00]} Nfd7 {[%emt 0:00:00]} 18.
Nd4 {[%emt 0:00:00]} Qf6 {[%emt 0:00:00]} 19. Nxe6 {[%emt 0:00:00]} Rxe6 {
[%emt 0:00:00]} 20. Qxd5 {[%emt 0:00:00]} Rce8 {[%emt 0:00:00]} 21. Bxe5 {
[%emt 0:00:00]} Nxe5 {[%emt 0:00:00]} 22. Bxe6+ {[%emt 0:00:00]} Kh8 {[%emt 0:
00:00]} 23. Bh3 {[%emt 0:00:00]} Qf4 {[%emt 0:00:00]} 24. g3 {[%emt 0:00:00]}
Nf3+ {[%emt 0:00:00]} 25. Kh1 {[%emt 0:00:00]} Rxe1+ {[%emt 0:00:00]} 26. Rxe1
{[%emt 0:00:00]} Qf8 {[%emt 0:00:00]} 27. Rd1 {[%emt 0:00:00]} Bc7 {[%emt 0:00:
00]} 28. Qf5 {[%emt 0:00:00]} 1-0